| 000 | 01762nam1a22003011 4500 | ||
|---|---|---|---|
| 001 | rc\4124380 | ||
| 005 | 20130415173829.4 | ||
| 035 | _a(NLR Aleph) 007903366 | ||
| 090 |
_a8051887 _c8051887 |
||
| 100 | _a20130415d1955 |||a0rusy50 ca | ||
| 101 | 0 | _arus | |
| 102 | _aRU | ||
| 105 | _ay g ||||| | ||
| 200 | 1 |
_aТарифно-квалификационный справочник работ и профессий транспортного машиностроения _eПроект _f[Ред. комиссия: Г.О. Гутман... [и др.], С.В. Соловьев (отв. ред.) _gМ-во трансп. машиностроения СССР. Всесоюз. проект.-технол. ин-т (ВПТИ) Техн. отд.]. Вып. 1- |
|
| 210 |
_aМосква _cВПТИ Минтрансмаш _d1955 |
||
| 215 | _d19 | ||
| 300 | _aНа обл. загл.: Тарифно-квалификационный справочник | ||
| 311 | _aПрил.: Алфавитный указатель профессий., 1955.-На обороте тит. л. сост.: Е.Е. Геркевич | ||
| 421 | 0 |
_11010#$arus _12001#$aАлфавитный указатель профессий _1210##$d1955 _1215##$a39 с. _1300##$aНа обороте тит. л. сост.: Е.Е. Геркевич _1702#1$aГеркевич$bЕ.Е.$4220 |
|
| 512 | 0 | _aТарифно-квалификационный справочник | |
| 702 | 1 |
_aСоловьев _bС. В. _4340 |
|
| 702 | 1 |
_aГутман _bГ. О. _4340 |
|
| 710 | 0 | 1 |
_aСССР _bМинистерство транспортного машиностроения _3RU\NLR\AUTH\889938461 |
| 801 | 0 |
_aRU _bNLR _gpsbo |
|
| 801 | 1 |
_aRU _bELAR _2rusmarc |
|
| 852 |
_aNLR _jЭк40 Г-4/2174 |
||
| 942 | _cBOOK | ||
| 980 | _aNB | ||